000 01215nam a2200229Ia 4500
999 _c40311
_d40311
001 6919
003 GE_BSU
005 20200204160319.0
008 181216s1998||||g |||||||||||||| ||ge ||
040 _cGE_BSU
041 _ageo
080 _a811.353.1'282 ჯ-71
100 _aჯორბენაძე, ბესარიონ.
_91214
245 _aქართული დიალექტოლოგია 2 = Грузинская диалектология = Georgian Dialectolgy /
_cბესარიონ ჯორბენაძე ; სარედ. - საგამომც. ჯგ. მ. ბერიძე ; კ. გაბუნია ; რედ. გ. გოგოლიშვილი.
250 _aბესარიონ ჯორბენაძის საზ-ბა
264 _aთბილისი :
_bმეცნიერება,
_c1998.
300 _a67 გვ. :
_bფოტო. ბიბლიოგრ. გვ. 662-673 ;
_c20 სმ.
_e
653 _aქართული დიალექტოლოგია
653 _aქართული ენა
700 _aგოგოლიშვილი, გ.
_eრედაქტორი
_96808
942 _cBK
_2udc